Statistiques concernant Les danses latines et cubaines

Cliquez ici pour prendre le quiz!

Statistiques générales

  • Ce quiz a été pris 203 fois
  • Le résultat moyen est 5 sur 16

Statistiques - réponses

IndiceDanse% Correct
Cubasalsa
89%
Argentinetango
85%
Brésilsamba
76%
programme de fitnesszumba
62%
Cubarumba
60%
Mexiquechachacha
48%
Cubamambo
33%
Haïtimerengue
23%
Brésilcapoeira
11%
Brésillambada
11%
Argentine-Colombiecumbia
8%
Cubabolero
7%
Cubaconga
4%
Cubason
4%
Mexiquebamba
2%
Argentine-Uruguaymilonga
2%

Distribution des résultats

Percentile par nombre de réponses

% des personnes avec chaque résultat

Votre développement - résultats

Vous n’avez pas pris ce quiz